|
|
|
|
| LEADER |
00000cam a22000004a 4500 |
| 001 |
musev2_73445 |
| 003 |
MdBmJHUP |
| 005 |
20230905051600.0 |
| 006 |
m o d |
| 007 |
cr||||||||nn|n |
| 008 |
160114s2016 xxk o 00 0 eng d |
| 020 |
|
|
|a 9781782046837
|
| 020 |
|
|
|z 9781580465410
|
| 035 |
|
|
|a (OCoLC)965716459
|
| 040 |
|
|
|a MdBmJHUP
|c MdBmJHUP
|
| 100 |
1 |
|
|a Jacobson, Bernard,
|e author.
|
| 245 |
1 |
0 |
|a Star Turns and Cameo Appearances :
|b Memoirs of a Life among Musicians /
|c Bernard Jacobson.
|
| 264 |
|
1 |
|a Suffolk :
|b Boydell & Brewer,
|c 2016.
|
| 264 |
|
3 |
|a Baltimore, Md. :
|b Project MUSE,
|c 2021
|
| 264 |
|
4 |
|c ©2016.
|
| 300 |
|
|
|a 1 online resource (326 pages).
|
| 336 |
|
|
|a text
|b txt
|2 rdacontent
|
| 337 |
|
|
|a computer
|b c
|2 rdamedia
|
| 338 |
|
|
|a online resource
|b cr
|2 rdacarrier
|
| 500 |
|
|
|a Title from publisher's bibliographic system (viewed on 31 May 2016).
|
| 520 |
|
|
|a <I>Star Turns and Cameo Appearances</I> is the entertaining and insightful memoir by veteran music critic Bernard Jacobson. Its pages are populated by eminent composers ranging from Hans Werner Henze to Andrzej Panufnik and by renowned performers, including Georg Solti, Daniel Barenboim, Sviatoslav Richter, and Jessye Norman.<BR><BR> As a music critic and orchestra administrator, Jacobson has had the opportunity to observe these outstanding musicians and many of their colleagues at close quarters. Assisting Riccardo Muti at the Philadelphia Orchestra for eight years, he saw sides of that maestro not visible to the music-loving public. Throughout <I>Star Turns and Cameo Performances</I>, Jacobson adds his own sensitive and sympathetic view to public perceptions of musical luminaries of yesterday and today, helping to explain and illuminate their artistry.<BR><BR> Bernard Jacobson has worked in the music field for over fifty years, including stints as recording executive, music critic of the <I>Chicago Daily News</I>, artistic director and adviser for international orchestras in Holland, and visiting professor at Roosevelt University's Chicago Musical College. He has also performed and recorded as narrator of concert works and opera.
|
| 588 |
|
|
|a Description based on print version record.
|
| 650 |
|
4 |
|a Music critics.
|
| 655 |
|
7 |
|a Electronic books.
|2 local
|
| 710 |
2 |
|
|a Project Muse.
|e distributor
|
| 830 |
|
0 |
|a Book collections on Project MUSE.
|
| 856 |
4 |
0 |
|z Texto completo
|u https://projectmuse.uam.elogim.com/book/73445/
|
| 945 |
|
|
|a Project MUSE - Custom Collection
|
| 945 |
|
|
|a Project MUSE - Archive Complete Supplement IX
|
| 945 |
|
|
|a Project MUSE - Archive Film, Theater and Performing Arts Supplement IX
|